000 00648nam a22002297a 4500
003 UA-OsUOA
001 33713
007 ta
008 20050907b un ||||| |||| 00| 0 ukr d
100 _aОгородник І.В.
090 _a1(091)(075.8)
_bО-39
942 _cBK
040 _aUA-OsUOA
_bukr
_cUA-OsUOA
_dUA-OsUOA
245 _aІсторія філософської думки в Україні
_bкурс лекцій
300 _a543 с.
955 _a2
041 _aukr
080 _a1(091)(075.8)
020 _a5-11-004738-3
260 _aК.
_bВища школа
_c1999
650 7 _a1(091) Історія філософії
_2UDC
999 _c320166
_d320166